Logo BPK

Biblioteka

Politechniki Koszalińskiej

Reakcje biologiczne drzew na zanieczyszczenia przemysłowe : (Rekord nr 31374)

Szczegóły MARC
000 -ETYKIETA REKORDU
podpole kontrolne o stałej długości 01140nam a2200265 i 4500
001 - NUMER KONTROLNY REKORDU
pole kontrolne bg
020 ## - MIĘDZYNARODOWY ZNORMALIZOWANY NUMER KSIĄŻKI - ISBN
ISBN 8387133027 (2 t.)
040 ## - ŹRÓDŁO KATALOGOWANIA
Instytucja, która utworzyła rekord BPK
041 0# - KOD JĘZYKA
Kod języka tekstu pl
Kod języka streszczenia lub abstraktu en
Kod języka dokumentu towarzyszącego innego niż libretto en
080 ## - UNIWERSALNA KLASYFIKACJA DZIESIĘTNA - UKD
UKD 630.16:582.47+582.5/.9:504.05](061.3)
920 ## - Międzynarodowy znormalizowany numer książki – ISBN
ISBN 83-87133-02-7 (2 t.)
008 - POLE O STAŁEJ DŁUGOŚCI - DANE KONTROLNE
podpole kontrolne o stałej długości s pl f |000 0 pol
245 00 - TYTUŁ/ODPOWIEDZIALNOŚĆ
Tytuł Reakcje biologiczne drzew na zanieczyszczenia przemysłowe :
Ciąg dalszy tytułu III Krajowe Sympozjum Kórnik, 23-26 maja 1994 : materiały /
Pozostałe elementy strefy tytułu i oznaczenia odpowiedzialności pod red. Ryszarda Siweckiego ; Polska Akademia Nauk. Instytut Dendrologii Kórnik.
Oznaczenie części/sekcji dzieła T. 1.
246 11 - WARIANT TYTUŁU
Tytuł Biological reactions of trees to industrial pollution
260 ## - STREFA ADRESU WYDAWNICZEGO
Miejsce wydania Poznań :
Nazwa wydawcy/dystrybutora "Sorus",
Data publikacji, dystrybucji/powstania dokumentu 1996.
300 ## - STREFA OPISU FIZYCZNEGO
Objętość [4], 374 s. :
Inne cechy fizyczne fot., mapy, rys., wykr. ;
Rozmiary 24 cm.
500 ## - UWAGI OGÓLNE
Tekst uwagi Tyt. równol. : Biological reactions of trees to industrial pollution : III National Symposium Kórnik, 23-26 May 1994 : materials. - Przedm. także ang.
504 ## - UWAGA DOTYCZĄCA BIBLIOGRAFII
Informacje o bibliografii Bibliogr., summ. przy ref.
650 #9 - HASŁO PRZEDMIOTOWE W FORMIE NAZWY OGÓLNEJ LUB JEDNOSTKOWEJ
Nazwa ogólna lub geograficzna Drzewa
Określnik ogólny biologia
650 #9 - HASŁO PRZEDMIOTOWE W FORMIE NAZWY OGÓLNEJ LUB JEDNOSTKOWEJ
Nazwa ogólna lub geograficzna Przemysł a drzewa
650 #9 - HASŁO PRZEDMIOTOWE W FORMIE NAZWY OGÓLNEJ LUB JEDNOSTKOWEJ
Nazwa ogólna lub geograficzna Szkody przemysłowe
Określnik ogólny higiena i ochrona
655 ## - TERMIN INDEKSOWY - OKREŚLENIE RODZAJU/FORMY DOKUMENTU
Określenie rodzaju/formy dokumentu Materiały konferencyjne
700 1# - HASŁO DODATKOWE - NAZWA OSOBOWA
Nazwa osobowa SIWECKI, Ryszard.
Określenie związku między hasłem a opisywanym materiałem Red.
856 ## - LOKALIZACJA I DOSTĘP DO ELEKTRONICZNYCH DOKUMENTÓW ZDALNYCH
Link (URL) http://koha.tu.koszalin.pl/cgi-bin/koha/opac-detail.pl?biblionumber=31374
Tekst linku Katalog online BPK
942 ## - DODATKOWE ELEMENTY (KOHA)
Typ dokumentu Książka
Egzemplarze
Wycofany Status egzemplarza Uszkodzony Dostępność Lokalizacja stała Lokalizacja bieżąca Miejsce przechowywania Sygnatura Kod kreskowy Dział Typ dokumentu
      Tylko na miejscu Biblioteka Politechniki Koszalińskiej Biblioteka Politechniki Koszalińskiej Czytelnia BG 38706 01218961 630 Leśnictwo Książka
      Dostępny Biblioteka Politechniki Koszalińskiej Biblioteka Politechniki Koszalińskiej Wypożyczalnia BG 38707 01218954   Książka
© 2023 Biblioteka Politechniki Koszalińskiej :: KOHA